[Event "Catalunya-chT Gp1"]
[Site "Barcelona"]
[Date "2024.03.02"]
[Round "7.7"]
[White "Banos, Oscar Francisco"]
[Black "Canal Oliveras, Joan"]
[Result "1-0"]
[WhiteElo "2199"]
[BlackElo "2092"]
[PlyCount "85"]
[EventDate "2024.01.20"]
[EventType "team-tourn"]
[EventRounds "7"]
[EventCountry "ESP"]
[SourceTitle "CB11_2024"]
[SourceDate "2024.03.13"]
[SourceVersion "1"]
[SourceVersionDate "2024.03.13"]
[SourceQuality "1"]
[WhiteTeam "Figueres"]
[BlackTeam "Tres Peons"]
[WhiteTeamCountry "ESP"]
[BlackTeamCountry "ESP"]

1. Nf3 e6 2. c4 f5 3. g3 Nf6 4. Bg2 Be7 5. 0-0 0-0 6. d3 d6 7. Nc3 Qe8 8. Bg5 h6 9. Bd2 Qh5 10. e3 g5 11. Ne1 Qxd1 12. Rxd1 Nc6 13. f4 Bd7 14. Nc2 Rae8 15. b4 Kh7 16. b5 Nd8 17. a4 e5 18. a5 Bc8 19. a6 b6 20. Nb4 Bd7 21. Nbd5 Nxd5 22. Nxd5 Ne6 23. fxe5 dxe5 24. Nxe7 Rxe7 25. Bb4 Ree8 26. Bxf8 Rxf8 27. d4 exd4 28. exd4 Kg6 29. Bd5 f4 30. Bxe6 Bxe6 31. d5 Bh3 32. Rf2 Rf6 33. Re1 Rf7 34. gxf4 gxf4 35. Rd2 Kf5 36. Kf2 h5 37. Rde2 Rg7 38. Rg1 Rd7 39. Re6 Bg4 40. h4 Rg7 41. Rge1 Bh3 42. R1e5+ Kg4 43. Rg5+ 1-0

[Event "Roncana op-A 14th"]
[Site "Santa Eulalia de Roncana"]
[Date "2022.10.08"]
[Round "1"]
[White "De Lomas Busquets, Alba"]
[Black "Canal Oliveras, Joan"]
[Result "1/2-1/2"]
[WhiteElo "1801"]
[BlackElo "2158"]
[PlyCount "115"]
[EventDate "2022.10.08"]
[EventType "swiss"]
[EventRounds "8"]
[EventCountry "ESP"]
[SourceTitle "EXT 2024"]
[Source "ChessBase"]
[SourceDate "2023.10.10"]
[SourceVersion "1"]
[SourceVersionDate "2023.10.10"]
[SourceQuality "1"]

1. d4 Nf6 2. Nf3 d6 3. c4 g6 4. Nc3 Bg7 5. e4 0-0 6. h3 Nbd7 7. Bd3 e5 8. d5 Nc5 9. Bc2 a5 10. 0-0 Ne8 11. a3 f5 12. Bg5 Nf6 13. b4 Ncxe4 14. Nxe4 fxe4 15. Bxe4 h6 16. Bxf6 Qxf6 17. Qd3 g5 18. Rab1 h5 19. Bh7+ Kh8 20. Qg6 axb4 21. axb4 Bf5 22. Qxf6 Rxf6 23. Bxf5 Rxf5 24. Ra1 Rb8 25. Ra5 Kh7 26. Nd2 Rf4 27. g3 Rd4 28. Nf3 Rxc4 29. Nxg5+ Kg6 30. Ne6 Bh6 31. Rfa1 Bd2 32. Rb5 Bxb4 33. Rb1 Bc5 34. Rxb7 Rxb7 35. Rxb7 Bb6 36. Rb8 Rc2 37. Rf8 Rd2 38. g4 hxg4 39. hxg4 Rxd5 40. Kg2 Rd2 41. Kg3 d5 42. g5 Rxf2 43. Rxf2 Bxf2+ 44. Kxf2 c6 45. Ke3 Kf5 46. Nc5 Kxg5 47. Ne6+ Kf5 48. Nc5 Kf6 49. Nd7+ Ke6 50. Nc5+ Kf5 51. Kd3 Kf4 52. Ne6+ Kf3 53. Ng5+ Kf2 54. Nh3+ Kg3 55. Ng5 c5 56. Ne6 Kf3 57. Nxc5 e4+ 58. Kd4 1/2-1/2

[Event "Barcelona Sant Marti op-A 22nd"]
[Site "Barcelona"]
[Date "2022.07.17"]
[Round "5"]
[White "Marabajan Navas, Saul"]
[Black "Canal Oliveras, Joan"]
[Result "0-1"]
[WhiteElo "1936"]
[BlackElo "2149"]
[PlyCount "112"]
[EventDate "2022.07.13"]
[EventType "swiss"]
[EventRounds "9"]
[EventCountry "ESP"]
[SourceTitle "CBM 209 Extra"]
[Source "ChessBase"]
[SourceDate "2022.09.30"]
[SourceVersion "1"]
[SourceVersionDate "2022.09.30"]
[SourceQuality "1"]

1. d4 f5 2. c4 Nf6 3. Nc3 e6 4. a3 Be7 5. g3 d5 6. Bg2 c6 7. Nh3 a5 8. cxd5 exd5 9. Nf4 0-0 10. 0-0 Qe8 11. Nd3 Nbd7 12. Bg5 h6 13. Bxf6 Nxf6 14. e3 Bd6 15. Re1 Be6 16. Rc1 Bf7 17. b4 Qe7 18. Qb3 Ne4 19. Rc2 Rfb8 20. Nb1 axb4 21. axb4 Qe8 22. Rec1 Ra1 23. Qb2 Rba8 24. Nd2 Rxc1+ 25. Qxc1 Ra4 26. b5 Nxd2 27. Rxd2 cxb5 28. Qb1 Qc6 29. Rb2 Qa6 30. Bf1 Ra1 31. Qc2 Qc6 32. Qb3 Be8 33. Rc2 Qd7 34. Qxd5+ Bf7 35. Qf3 b4 36. Rc1 Rxc1 37. Nxc1 Qc7 38. Qd1 Qc3 39. Bd3 g6 40. Ne2 Qa3 41. e4 fxe4 42. Bxe4 b5 43. d5 b3 44. Nd4 Qb4 45. Qd3 Qe1+ 46. Kg2 b2 47. Nxb5 Bc5 48. Nc3 Qxf2+ 49. Kh3 Be8 50. Bxg6 Bd7+ 51. g4 Bd6 52. Qe2 Qf4 53. Be4 Be5 54. Nb1 Bb5 55. Qc2 Bf1+ 56. Bg2 Qxh2# 0-1

[Event "Barcelona Sant Marti op-A 22nd"]
[Site "Barcelona"]
[Date "2022.07.16"]
[Round "4"]
[White "Canal Oliveras, Joan"]
[Black "Macak, Stefan"]
[Result "0-1"]
[WhiteElo "2149"]
[BlackElo "2363"]
[PlyCount "136"]
[EventDate "2022.07.13"]
[EventType "swiss"]
[EventRounds "9"]
[EventCountry "ESP"]
[SourceTitle "CBM 209 Extra"]
[Source "ChessBase"]
[SourceDate "2022.09.30"]
[SourceVersion "1"]
[SourceVersionDate "2022.09.30"]
[SourceQuality "1"]

1. e4 e6 2. d4 d5 3. Nc3 Bb4 4. e5 c5 5. a3 Bxc3+ 6. bxc3 Qa5 7. Bd2 Qa4 8. h4 Nc6 9. h5 Bd7 10. h6 Nxh6 11. Bxh6 gxh6 12. Nf3 c4 13. Rxh6 0-0-0 14. Ng5 Rdf8 15. Rxh7 Rxh7 16. Nxh7 Rh8 17. Ng5 Be8 18. Kd2 Qa5 19. Qg4 Rh1 20. Qf4 Qc7 21. g4 Qe7 22. a4 Nd8 23. a5 Qf8 24. Rd1 Qh6 25. Qe3 Rh4 26. Be2 Qg6 27. f4 Ba4 28. Rc1 Nc6 29. Qg3 Rh8 30. Bd1 Nxa5 31. Ra1 b5 32. Ra2 Nc6 33. Bf3 Kd7 34. Bg2 a5 35. Qe3 Rh2 36. Qg3 Rh8 37. Bh3 Ne7 38. Qe3 Kc6 39. Bg2 Rg8 40. Qh3 Kb6 41. Bf3 Bb3 42. Rb2 a4 43. Qh5 a3 44. Qxg6 Nxg6 45. Rb1 Nxf4 46. Nxf7 Ba4 47. Ke3 Rf8 48. Ng5 Bxc2 49. Ra1 Bg6 50. Rxa3 Be8 51. Ra8 Kb7 52. Rxe8 Rxe8 53. Kxf4 Kb6 54. Nh7 Ka5 55. Nf6 Re7 56. Ke3 Ka4 57. Bd1+ Ka3 58. Bc2 Kb2 59. Kd2 Ra7 60. g5 Ra1 61. g6 Rg1 62. Nh5 Rg2+ 63. Kd1 Rg1+ 64. Kd2 Rg2+ 65. Kd1 Rxc2 66. Nf4 Rxc3 67. Nxe6 Rg3 68. Nf4 c3 0-1

[Event "Canovelles op"]
[Site "Canovelles"]
[Date "2021.12.28"]
[Round "3"]
[White "Uber Gracia, Hugo"]
[Black "Canal Oliveras, Joan"]
[Result "1/2-1/2"]
[WhiteElo "1905"]
[BlackElo "2189"]
[PlyCount "51"]
[EventDate "2021.12.27"]
[EventType "swiss"]
[EventRounds "7"]
[EventCountry "ESP"]
[SourceTitle "CBM 206 Extra"]
[Source "ChessBase"]
[SourceDate "2022.03.31"]
[SourceVersion "1"]
[SourceVersionDate "2022.03.31"]
[SourceQuality "1"]

1. e4 e5 2. Nf3 Nc6 3. Bc4 Nf6 4. d3 Bc5 5. 0-0 d6 6. c3 a6 7. a4 h6 8. b4 Ba7 9. Be3 Bxe3 10. fxe3 Be6 11. Bxe6 fxe6 12. Nbd2 0-0 13. d4 exd4 14. exd4 Qe8 15. Qe2 Qh5 16. Rae1 Rae8 17. b5 axb5 18. Qxb5 Qxb5 19. axb5 Na5 20. c4 e5 21. d5 Nd7 22. Ra1 b6 23. Nh4 Nc5 24. Rxf8+ Rxf8 25. Rf1 Nd3 26. Nf5 1/2-1/2

[Event "EU-ch Online U2300 Qual"]
[Site "Chess.com INT"]
[Date "2020.05.25"]
[Round "1"]
[White "Karacsonyi, Gellert"]
[Black "Canal Oliveras, Joan"]
[Result "1-0"]
[WhiteElo "2292"]
[BlackElo "2205"]
[PlyCount "83"]
[EventDate "2020.05.25"]
[EventType "swiss"]
[EventRounds "8"]
[EventCountry "NET"]
[SourceTitle "EXT 2021"]
[Source "ChessBase"]
[SourceDate "2020.10.23"]
[SourceVersion "1"]
[SourceVersionDate "2020.10.23"]
[SourceQuality "1"]

1. e4 e5 2. Nf3 Nc6 3. Bb5 f5 4. Nc3 fxe4 5. Nxe4 d5 6. Nxe5 dxe4 7. Nxc6 Qg5 8. c4 a6 9. Ba4 b5 10. cxb5 axb5 11. Bb3 Qxg2 12. Qh5+ g6 13. Qe5+ Ne7 14. Rf1 Bh3 15. Qxb5 Qxf1+ 16. Qxf1 Bxf1 17. Nxe7 Bd3 18. Nd5 Bd6 19. Nf6+ Ke7 20. Nd5+ Kd7 21. Nf6+ Kd8 22. Bd5 Ra5 23. Bxe4 Re5 24. f3 Rf8 25. Kd1 Bxe4 26. Nxe4 Rxf3 27. Nxd6 cxd6 28. b4 Rf2 29. a4 Rxh2 30. a5 Kc7 31. a6 Kb6 32. a7 Re8 33. a8Q Rxa8 34. Rxa8 Kb5 35. Rb8+ Kc4 36. Kc2 Rh5 37. d3+ Kd4 38. Bb2+ Ke3 39. b5 Rc5+ 40. Bc3 d5 41. d4 Rc4 42. b6 1-0

[Event "Barcelona Canovelles U2200 op"]
[Site "Barcelona"]
[Date "2018.12.29"]
[Round "5.1"]
[White "Canal Oliveras, Joan"]
[Black "Banos, Oscar Francisco"]
[Result "1-0"]
[WhiteElo "2169"]
[BlackElo "2184"]
[PlyCount "116"]
[EventDate "2018.12.27"]
[EventType "swiss"]
[EventRounds "8"]
[EventCountry "ESP"]
[SourceTitle "EXT 2024"]
[Source "ChessBase"]
[SourceDate "2023.10.10"]
[SourceVersion "1"]
[SourceVersionDate "2023.10.10"]
[SourceQuality "1"]

1. e4 e6 2. d4 d5 3. Nc3 Nf6 4. Bg5 dxe4 5. Nxe4 Be7 6. Bxf6 gxf6 7. Nf3 f5 8. Ng3 h5 9. h4 c5 10. dxc5 Qa5+ 11. Qd2 Qxd2+ 12. Nxd2 Bxc5 13. Be2 Bd7 14. Nxh5 Bc6 15. Rh2 Nd7 16. g3 Ke7 17. Nf4 Bd6 18. Nd3 e5 19. Nc4 Bc7 20. Nb4 e4 21. Ne3 Ba5 22. a3 Ke6 23. Bc4+ Kf6 24. 0-0-0 Bxb4 25. axb4 Nb6 26. Bb3 Rad8 27. Rhh1 Rxd1+ 28. Kxd1 Nd7 29. Ke2 Ne5 30. Rd1 Bb5+ 31. c4 Bd7 32. Nd5+ Kg7 33. Nf4 Rc8 34. Rd5 f6 35. b5 Be8 36. Ne6+ Kh6 37. Rd8 Rxd8 38. Nxd8 b6 39. Ba2 Nd3 40. Nc6 Nxb2 41. Nxa7 Bf7 42. c5 Bxa2 43. cxb6 Bc4+ 44. Ke3 Bd5 45. Kf4 Nc4 46. Kxf5 Kg7 47. h5 Nxb6 48. h6+ Kf7 49. h7 Be6+ 50. Kxe4 Kg7 51. Kd4 Kxh7 52. Kc5 Na4+ 53. Kd6 Bg4 54. Nc6 Kg6 55. Nd4 Kf7 56. f3 Bh3 57. g4 Bf1 58. f4 Bh3 1-0

[Event "Roncana op-A 12th"]
[Site "Santa Eulalia de Roncana"]
[Date "2018.10.06"]
[Round "2"]
[White "Deulonder Camins, Xavier"]
[Black "Canal Oliveras, Joan"]
[Result "0-1"]
[WhiteElo "1919"]
[BlackElo "2169"]
[PlyCount "116"]
[EventDate "2018.09.29"]
[EventType "swiss"]
[EventRounds "8"]
[EventCountry "ESP"]
[SourceTitle "CBM 187 Extra"]
[Source "ChessBase"]
[SourceDate "2018.11.04"]
[SourceVersion "1"]
[SourceVersionDate "2018.11.04"]
[SourceQuality "1"]

1. e4 d5 2. exd5 Nf6 3. d4 Bg4 4. Be2 Bxe2 5. Qxe2 Qxd5 6. Nf3 e6 7. 0-0 Nc6 8. Nc3 Qh5 9. Bf4 0-0-0 10. Rad1 Bd6 11. Ne5 Bxe5 12. Bxe5 Qxe2 13. Nxe2 Nxe5 14. dxe5 Ng4 15. f4 Ne3 16. Rxd8+ Rxd8 17. Rf3 Nxc2 18. f5 exf5 19. Rxf5 Rd1+ 20. Kf2 Rf1+ 21. Kxf1 Ne3+ 22. Kf2 Nxf5 23. Kf3 Kd7 24. Ke4 Ne7 25. g4 c6 26. Nf4 g6 27. h4 b6 28. Nh3 h6 29. Nf4 c5 30. e6+ fxe6 31. Ke5 Nc6+ 32. Kf6 e5 33. Nxg6 e4 34. Nf4 e3 35. g5 hxg5 36. hxg5 Ne7 37. g6 b5 38. g7 Kd6 39. Ne2 b4 40. b3 a5 41. Kf7 Nf5 42. Kg6 Nxg7 43. Kxg7 Ke5 44. Kg6 Ke4 45. Kf6 Kd3 46. Nf4+ Kc2 47. Ke5 Kb2 48. Kd5 Kxa2 49. Kc4 Kb2 50. Nd3+ Kc2 51. Ne1+ Kd1 52. Ng2 e2 53. Kxc5 Kc2 54. Kc4 a4 55. Ne1+ Kd1 56. Nd3 a3 57. Kxb4 a2 58. Nb2+ Kc2 0-1

[Event "Catalunya-chT Gp2"]
[Site "Barcelona"]
[Date "2018.03.03"]
[Round "7.2"]
[White "Canal Oliveras, Joan"]
[Black "Munoz Pantoja, Miguel Angel"]
[Result "1/2-1/2"]
[WhiteElo "2177"]
[BlackElo "2502"]
[PlyCount "66"]
[EventDate "2018.01.20"]
[EventType "team-tourn"]
[EventRounds "7"]
[EventCountry "ESP"]
[SourceTitle "EXT 2019"]
[Source "ChessBase"]
[SourceDate "2018.10.10"]
[SourceVersion "1"]
[SourceVersionDate "2018.10.10"]
[SourceQuality "1"]
[WhiteTeam "Catalunya"]
[BlackTeam "Sant Andreu"]
[WhiteTeamCountry "ESP"]
[BlackTeamCountry "ESP"]

1. d4 Nf6 2. Bg5 c5 3. Bxf6 exf6 4. Nc3 d5 5. e3 Nc6 6. Nge2 Be6 7. g3 cxd4 8. exd4 Bd6 9. Bg2 Qa5 10. a3 Ne7 11. 0-0 0-0 12. Qd2 Rac8 13. Nf4 Bxf4 14. Qxf4 Rfd8 15. Rfe1 Nf5 16. Bf1 Qb6 17. Bd3 Qxd4 18. Qf3 Nd6 19. Rad1 Qb6 20. Nxd5 Bxd5 21. Qxd5 Qxb2 22. Bf5 Rb8 23. Re7 Qxa3 24. Bxh7+ Kxh7 25. Qh5+ Kg8 26. Rxd6 Rf8 27. Rdd7 Qc1+ 28. Kg2 Qxc2 29. Rxf7 Qe4+ 30. Kg1 Qe1+ 31. Kg2 Qe4+ 32. Kg1 Qe1+ 33. Kg2 Qe4+ 1/2-1/2

[Event "Catalunya-chT Gp2"]
[Site "Barcelona"]
[Date "2018.01.20"]
[Round "1.2"]
[White "Gallego Alcaraz, Andres Felipe"]
[Black "Canal Oliveras, Joan"]
[Result "1-0"]
[WhiteElo "2461"]
[BlackElo "2177"]
[PlyCount "67"]
[EventDate "2018.01.20"]
[EventType "team-tourn"]
[EventRounds "7"]
[EventCountry "ESP"]
[SourceTitle "CBM 182 Extra"]
[Source "ChessBase"]
[SourceDate "2018.02.23"]
[SourceVersion "1"]
[SourceVersionDate "2018.02.23"]
[SourceQuality "1"]
[WhiteTeam "Sant Josep de Badalona"]
[BlackTeam "Catalunya"]
[WhiteTeamCountry "ESP"]
[BlackTeamCountry "ESP"]

1. d4 f5 2. g3 Nf6 3. Bg2 e6 4. c4 d5 5. Nf3 c6 6. 0-0 Bd6 7. Qc2 0-0 8. Nc3 Qe8 9. Rb1 a5 10. a3 b5 11. cxb5 cxb5 12. Ne5 b4 13. Na4 Qb5 14. Nc5 Ra7 15. Bf4 Na6 16. Qd3 Qxd3 17. Nexd3 Bxf4 18. gxf4 Ne4 19. axb4 axb4 20. Ra1 Rff7 21. Nb3 Nb8 22. Ne5 Rxa1 23. Rxa1 Rc7 24. Bxe4 dxe4 25. Nc5 Nc6 26. Nxc6 Rxc6 27. Ra4 e5 28. fxe5 h6 29. e3 f4 30. exf4 Bh3 31. f5 Bxf5 32. Kf1 Rg6 33. Rxb4 Bh3+ 34. Ke2 1-0

[Event "Roncana op 11th"]
[Site "Santa Eulalia de Roncana"]
[Date "2017.11.04"]
[Round "6"]
[White "Canal Oliveras, Joan"]
[Black "Valenzuela Gomez, Fernando Alberto"]
[Result "0-1"]
[WhiteElo "2205"]
[BlackElo "2400"]
[PlyCount "40"]
[EventDate "2017.09.23"]
[EventType "swiss"]
[EventRounds "8"]
[EventCountry "ESP"]
[SourceTitle "CBM 187 Extra"]
[Source "ChessBase"]
[SourceDate "2018.11.04"]
[SourceVersion "1"]
[SourceVersionDate "2018.11.04"]
[SourceQuality "1"]

1. e4 Nf6 2. Nc3 d5 3. e5 Ne4 4. Nce2 e6 5. d4 f6 6. Nf4 g6 7. h4 c5 8. dxc5 fxe5 9. Nd3 Nd7 10. Nf3 Bg7 11. Be3 d4 12. Bg5 Qa5+ 13. b4 Qa3 14. Nd2 Nxd2 15. Bxd2 e4 16. Nf4 e3 17. Nxe6 Bh6 18. Bb5 exd2+ 19. Kf1 Rb8 20. Qe2 Qc1+ 0-1

[Event "EU-ch Seniors 50 17h"]
[Site "Sabadell"]
[Date "2017.08.20"]
[Round "9"]
[White "Canal Oliveras, Joan"]
[Black "Druckenthaner, Andreas"]
[Result "1/2-1/2"]
[WhiteElo "2205"]
[BlackElo "2278"]
[PlyCount "81"]
[EventDate "2017.08.12"]
[EventType "swiss"]
[EventRounds "9"]
[EventCountry "ESP"]
[SourceTitle "CBM 180 Extra"]
[Source "ChessBase"]
[SourceDate "2017.10.06"]
[SourceVersion "1"]
[SourceVersionDate "2017.10.06"]
[SourceQuality "1"]

1. d4 Nc6 2. e4 e5 3. Nf3 exd4 4. Nxd4 Bb4+ 5. c3 Bc5 6. Be3 Bb6 7. Bc4 Ne5 8. Be2 d6 9. f4 Nd7 10. 0-0 Ngf6 11. Nd2 0-0 12. Qc2 Re8 13. Bf3 Nc5 14. b4 Ne6 15. Nc4 Nxd4 16. cxd4 Bg4 17. a4 Bxf3 18. gxf3 d5 19. a5 dxc4 20. axb6 axb6 21. Qxc4 c6 22. Rxa8 Qxa8 23. Bd2 Qa4 24. Rc1 h6 25. Qd3 Rd8 26. f5 Qa7 27. Kh1 b5 28. Be3 Qa2 29. Rg1 Kh8 30. d5 Qc4 31. Qxc4 bxc4 32. dxc6 bxc6 33. e5 Nd5 34. Bc5 Ra8 35. e6 fxe6 36. fxe6 Re8 37. Re1 Kg8 38. Kg1 Nf4 39. Re4 Nxe6 40. Rxc4 Nxc5 41. Rxc5 1/2-1/2

[Event "Roncana op-A 9th"]
[Site "Santa Eulalia de Roncana"]
[Date "2015.10.31"]
[Round "4"]
[White "Canal Oliveras, Joan"]
[Black "Ramon Serrano, Francisco Javier"]
[Result "1-0"]
[WhiteElo "2339"]
[BlackElo "2137"]
[PlyCount "73"]
[EventDate "2015.10.03"]
[EventType "swiss"]
[EventRounds "8"]
[EventCountry "ESP"]
[SourceTitle "EXT 2017"]
[Source "ChessBase"]
[SourceDate "2016.10.25"]
[SourceVersion "1"]
[SourceVersionDate "2016.10.25"]
[SourceQuality "1"]

1. d4 Nf6 2. Bg5 e6 3. Nc3 d5 4. e4 dxe4 5. Bxf6 gxf6 6. Nxe4 f5 7. Nc3 Bg7 8. Nf3 Nc6 9. Bb5 Bd7 10. d5 Bxc3+ 11. bxc3 exd5 12. 0-0 Be6 13. Re1 0-0 14. Bxc6 bxc6 15. Qd4 c5 16. Qxc5 Qf6 17. Nd4 Kh8 18. Qc6 Rae8 19. f4 Rg8 20. Re2 Re7 21. Rb1 Qh4 22. Qc5 Rd7 23. Nxe6 fxe6 24. Qd4+ Rdg7 25. Rxe6 Qd8 26. g3 c5 27. Qxc5 Qd7 28. Re3 Qa4 29. Qd4 Qxc2 30. Rb7 Qc1+ 31. Kf2 Qh1 32. Rxg7 Qxh2+ 33. Ke1 Qg1+ 34. Kd2 Qf2+ 35. Kc1 Qf1+ 36. Kc2 Qf2+ 37. Kb3 1-0